Responses for Show #8109 - Thursday, December 5, 2019

Jennifer Quail game 2.

Contestants

[<< previous game]

Kelly Gerhold, an adjunct history teacher from Bakersfield, California

Chris Blasone, an operations control specialist from Chicago, Illinois

Jennifer Quail, a wine tasting consultant from Dowagiac, Michigan (whose 1-day cash winnings total $45,200)

[next game >>]

Jeopardy! Round responses

LITERARY LOCALES
TANKS A LOT!
ARCHAEOLOGY
THE "J" EFFECT
CHEESE FOR THE MOUSE
ACTOR & ROLES
    $200 1
Verona

Jennifer
    $200 19
a gas tank

Chris
    $200 8
Pompeii

Jennifer
    $200 18
jitterbug

Jennifer
    $200 13
Jack cheese

Chris
    $200 6
(Kelly: Oh, man, I'm blanking. Sorry.)

Will Smith

ChrisKelly
    $400 2
Tropic of Cancer

Jennifer
    $400 24
Shark Tank

Chris
    $400 9
Easter Island

Jennifer
    $400 20
je ne sais quois

Kelly
    $400 14
Brie

Chris
    $400 7
Meryl Streep

Jennifer
    $600 3
Tara

Kelly
    $600 25
supply side

Jennifer
    $600 10
pasta (noodles)

Jennifer
    $600 21
a joist

Jennifer
    $600 15
England

Kelly
    $600 28
Chris Hemsworth

Kelly
    $800 4
(Chris: What is Calabasas?)

Calaveras

ChrisKelly
    $800 26
Kellyanne Conway

Triple Stumper
    $1,000 11
the Rosetta Stone

Jennifer
    $800 22
jefe

Chris
    $800 16
(Jennifer: What is Edam?)
(Chris: What is Muenster?)
...
(Alex: [*] for you.)

Gouda

JenniferChrisKelly
    $800 29
Margot Robbie

Kelly
    $1000 5
(Jennifer: Who's O'Neill?)

Tennessee Williams

JenniferChris
    $1000 27
Panzers

Kelly
    $1000 12
[No applause or acknowledgement for Jennifer running the category]

Lucy

Jennifer
    $1000 23
jimmies

Jennifer
    $1000 17
(Chris: What is Chihuahua?)
(Jennifer: What is Manchego?)

Cotija

JenniferChris
Triple Stumper
    $1000 30
Sophie Turner

Jennifer

Scores at the first commercial break (after clue 15):

Jennifer Chris Kelly
$3,200 $1,000 $1,800

Scores at the end of the Jeopardy! Round:

Jennifer Chris Kelly
$4,800 $600 $5,400

Double Jeopardy! Round responses

GRAND OLD FLAGS
4-LETTER WORDS
"B" SIEGE
(Alex: Each correct response beginning with a "B".)
PATRIOT GAMES
THE WORLD ACCORDING TO JEFF GOLDBLUM
COMPLETE THE CONSTITUTIONAL PHRASE
    $400 3
France

Jennifer
    $400 13
a wand

Chris
    $400 1
(Chris: What is the Baltic?)

the Black Sea

ChrisKelly
    $400 9
(Bill) Belichick

Jennifer
    $400 24
a sense of smell

Kelly
    $400 18
crimes

Chris
    $800 4
(Kelly: What is the British flag?)
(Alex: Be more specific.)
[Kelly looks upward and says nothing, shaking her head.]

the Union Jack

ChrisKelly
    $800 14
brew

Kelly
    $800 2
the Babylonian Empire

Jennifer
    $800 10
(Kelly: What is Wrigley Field?)
(Chris: What is Comiskey Park?)
...
(Alex: I don't know why you guys were in Chicago instead of Boston.)

Fenway Park

ChrisKelly
Triple Stumper
    $800 25
crickets

Jennifer
    $800 19
religion

Kelly
    $1200 6
(Jennifer: What are mountains?)
(Alex: Be more specific.)

the Himalayans

Jennifer
    $1200 15
moon

Kelly
    $1200 5
the Boers

Jennifer
    $1200 23
Tom Brady

Kelly
    $1200 26
role-playing

Chris
    $1200 20
seizures

Chris
    $2,000 7
the Lone Star

Jennifer
    $1600 16
the till

Kelly
    $2,500 11
the Boxer Rebellion

Jennifer
    $1600 29
(Chris: What is lawn mower?)
(Jennifer: What is snow blower?)

snowplow

JenniferChris
Triple Stumper
    $1600 28
(Alex: Yes. And I wanna thank Jeff. It's too bad he didn't seem to enjoy doing those categories and clues for us. By the way, Jeff's show streams Fridays on Disney+. )

aerodynamics

Jennifer
    $1600 21
servitude

Kelly
    $2000 8
Denmark

Jennifer
    $2000 17
a nene

Kelly
    $2000 12
(Jennifer: Who is... Breckinridge?)

Beauregard

JenniferChris
    $2000 30
Robert Kraft

Triple Stumper
    $2000 27
dopamine

Jennifer
    $2000 22
consent

Chris

Scores at the end of the Double Jeopardy! Round:

Jennifer Chris Kelly
$16,100 $5,800 $13,800

[wagering suggestions for these scores]

Final Jeopardy! Round responses

HOLIDAY SONGS
ChrisWhat is Rudolf the Red Nosed Raindeer?
$5,701
KellyWhat is the First Noel?
$10,000
JenniferWhat is Rudolf the Red-Nosed Reindeer?
$13,500
"Rudolph, The Red-Nosed Reindeer"

Final scores:

Jennifer Chris Kelly
$29,600 $11,501 $3,800
2-day champion: $74,800 2nd place: $2,000 3rd place: $1,000

Game dynamics:

Coryat scores:

Jennifer Chris Kelly
$14,600 $5,800 $13,800
24 R
(including 3 DDs),
5 W
14 R,
6 W
17 R,
3 W

Combined Coryat: $34,200

[game clues] [game scores] [suggest correction]

Game tape date: 2019-10-04
The J! Archive is created by fans, for fans. Scraping, republication, monetization, and malicious use prohibited; this site may use cookies and collect identifying information. See terms. The Jeopardy! game show and all elements thereof, including but not limited to copyright and trademark thereto, are the property of Jeopardy Productions, Inc. and are protected under law. This website is not affiliated with, sponsored by, or operated by Jeopardy Productions, Inc. Join the discussion at JBoard.tv.